000 00405nam a2200133Ia 4500
005 20260328101521.0
008 260328s9999||||xx |||||||||||||| ||und||
100 _aGómez Azpeitia, Luis Gabriel
245 0 _aDonde habita la violencia :
_b Violencia doméstica y Arquitectura /
_cLuis Gabriel Gómez Azpeitia
260 _bUniversidad de Colima
300 _a292 p.
650 _aARQUITECTURA
942 _cBK
999 _c9591
_d9591